Das Jahr 1920 - Statistiken

Allgemein
  • Dieses Quiz wurde 167 mal gespielt
  • Das Durchschnittsergebnis liegt bei 12 aus 23
Antwortstatistiken
Datum Frage Antwort % Korrekt
10. Januar Der infolge des 1. Weltkriegs geschlossene Friedensvertrag von ..... tritt in Kraft. Versailles
91%
10. Februar Eine Volksabstimmung in Nordschleswig führt dazu, dass das Gebiet ab Juli an ..... fällt. Dänemark
88%
26. August In den USA erhalten Frauen durch den 19. Zusatzartikel zur Verfassung das ..... Wahlrecht
81%
13. Dezember In Bonn wird der Gummibärchen-Hersteller ..... gegründet. Haribo
80%
16. Januar In den USA beginnt das Verbot von Alkohol, bekannt als ..... Prohibition
78%
1. Oktober Durch ein Gesetz zur Vergrößerung des Stadtgebiets verdoppelt sich die Einwohnerzahl der Stadt..... auf 3,8 Millionen. Berlin
71%
15. November Unter dem Schutz des Völkerbunds wird die ehemals preußische Hafenstadt ..... zur Freien Stadt erklärt. Danzig
67%
13. Juni Mit einem 2:0 gegen die Spvgg Fürth gewinnt der 1. FC ..... seine erste von neun deutschen Fußballmeisterschaften. Nürnberg
60%
16. September Bei einem Bombenattentat auf das Gebäude der Bank J.P. Morgan in der New Yorker .... Street sterben 38 Menschen. Wall
60%
10. Oktober Auf der Basis des Vertrags von Saint-Germain annektiert Italien das ehemals österreichische ..... Südtirol
56%
16. Dezember Das Erdbeben von Haiyuan fordert in ..... rund 200.000 Todesopfer. China
55%
10. Dezember Der Norweger Knut Hamsun erhält den Nobelpreis für ..... Literatur
52%
15. April In Stuttgart kommt der spätere Bundespräsident (1984-94) ..... ... ..... zur Welt. Richard von Weizsäcker
51%
1. Mai Mehrere Freistaaten wie Sachsen-Weimar-Eisenach, Schwarzburg-Rudolstadt und der Volksstaat Reuß schließen sich zum Land ..... zusammen. Thüringen
47%
24. Februar Die NSDAP wird im Münchener ..... gegründet. Hofbräuhaus
44%
23. Juli Das Protektorat Britisch-Ostafrika wird in die britische Kronkolonie ..... umgewandelt. Kenia
44%
2. Juni Der deutsch-polnische Literaturkritiker ..... .....-..... wird geboren. Marcel Reich-Ranicki
38%
13. März Ein Putschversuch gegen die Regierung der Weimarer Republik findet statt, bekannt unter dem Namen .....-Putsch. Kapp
35%
16. November In Australien wird die heute drittälteste noch existierende Fluggesellschaft der Welt, ..... Airways, gegründet. Qantas
33%
22. August In ..... finden die ersten Festspiele mit einer Aufführung des Stücks "Jedermann" statt. Salzburg
29%
16. Mai Papst ..... XV. spricht Jeanne d’Arc, die Jungfrau von Orleans, heilig. Benedikt
28%
27. Februar Der expressionistische deutsche Stummfilm "Das Cabinet des Dr. ....." feiert Premiere. Caligari
28%
23. April In der Hafenstadt ..... beginnen die VII. Olympischen Spiele. Antwerpen
26%
Keine übereinstimmenden Quizze gefunden
Verteilung der Resultate
Anzahl Personen mit jedem Resultat
Perzentil nach korrekt beantworteten Fragen
Ihre Resultats-Entwicklung
Sie haben dieses Quiz noch nicht gespielt